000 01500nam a22003137a 4500
003 OSt
005 20230622134016.0
008 221006b |||||||| |||| 00| 0 eng d
040 _cBiblioteca Lado V
082 _a709.05
_bG851a
100 _9855
_aGriffin, Tim
_eeditor
245 _aArtforum/
_bInternacional/
260 _aNew York
_c1993
_bNew York editorial and business offices
300 _c26.5x27cm
_a144p.
366 _eeng
490 _aNOVIEMBRE
_v1993
_x0864-1315
505 _tCOLUMNS
_aBOOKS MUSIC SPECIAL EFFECTS REAL LIFE ROCK AMERICAN MYTHS
505 _tFEATURES
_aFROM SPACE TO PLACE MOBILE HOME THIN AIR: THE PHOTOGRAPHS OF ADAM FUSS EUROPE'S SUMMER SHOWS: A ROUGH GUIDE MECHANICAL DREAMS LA GIA-HONDA: ROBERT WILLIAMS' CAR-CRASHES ON CANVAS ANOTHER KIND OF LIGHT: THE ART OF STEPHEN MUELLER OPENINGS: PATRICK VAN CAECKENBERGH
505 _tREVIEWS
_aARRIVEDERCI VENICE: THE THIRD WORLD BIENNIALS
650 _2Tesauro de Arte & Arquitectura
_aARTE COMTEMPORANEO
_9703
650 _2Tesauro de Arte & Arquitectura
_aFOTOGRAFIA
_9702
650 _2Tesauro de Arte & Arquitectura
_aARTE VISUAL
_9702
650 _2Tesauro de Arte & Arquitectura
_aLIBROS
650 _2Tesauro de Arte & Arquitectura
_aNOTICIAS
650 _2 Tesauro de Arte & Arquitectura
_aARTE INTERNACIONAL
650 _2 Tesauro de Arte & Arquitectura
_aESCULTURA
700 _aNavarreta, Jose Antonio
_eeditor
942 _2ddc
_c1
_h709.05
_iG851a
_n0
999 _c3936
_d3936